00563nam a2200205 a 4500001001300000003000900013005001700022008004100039020001000080082001700090100002000107245005900127260004200186300000900228500003500237505003100272650001700303650001700320700002000337nice12345678IN_TiNIC20260116013518.0050524s1991 dela grp 000 0 eng  ac25000a954.025bSPE aSpear, Percival aTwilight of the Mughulsb Studies in Late Mughul Delhi aDelhibMunshiram Manoharlal Pubc1991 a269p aincludes index and biblioraphy2 aReferences, Gerneral Index aMughal India aDelhi-Mughal1 aSpear, Percival